Geographic distribution of plant pathogens in response to climate change (Record no. 59920)

MARC details
000 -LEADER
fixed length control field 00503nam a2200193Ia 4500
100 ## - MAIN ENTRY--AUTHOR NAME
Personal name Shaw M W
245 #0 - TITLE STATEMENT
Title Geographic distribution of plant pathogens in response to climate change
260 ## - PUBLICATION, DISTRIBUTION, ETC. (IMPRINT)
Name of publisher Plant Pathology
Year of publication 2011
300 ## - PHYSICAL DESCRIPTION
Number of Pages 31-43
650 ## - SUBJECT ADDED ENTRY--TOPICAL TERM
Topical Term CLIMEX
650 ## - SUBJECT ADDED ENTRY--TOPICAL TERM
Topical Term Forecasting
650 ## - SUBJECT ADDED ENTRY--TOPICAL TERM
Topical Term Metapopulation
650 ## - SUBJECT ADDED ENTRY--TOPICAL TERM
Topical Term Modelling
650 ## - SUBJECT ADDED ENTRY--TOPICAL TERM
Topical Term Plant disease
650 ## - SUBJECT ADDED ENTRY--TOPICAL TERM
Topical Term Population dynamics
700 ## - ADDED ENTRY--PERSONAL NAME
Personal name Osborne T M
942 ## - ADDED ENTRY ELEMENTS (KOHA)
Koha item type Journals
Holdings
Withdrawn status Lost status Damaged status Not for loan Home library Current library Shelving location Date acquired Serial Enumeration / chronology Koha item type
      Journals RRII Library RRII Library Climate change 04/10/2011 Volume 60, Issue 1 Journals